000 01403cam a22003737a 4500
003 CHAP
005 20220329142424.0
008 010112d2000 mx a r 00110 spa d
010 _a83224
011 _a84196
035 _a94715
040 _cCHAP
090 _aTesis
100 0 0 _aGóngora Canul, Carlos Cecilio.
_949974
245 1 0 _aGradientes de diseminación y patrones espaciales del amarillamiento letal en cocotero (Cocos nucifera L.) en Yucatán y Campeche, México
_c/por Carlos Cecilio Góngora Canul.
260 _aChapingo, Méx. :
_bEl autor,
_c2000.
300 _a184h. :
_bcuads.; gráfs.; ilus.
502 _aTesis (Ing. Agr. Esp. en Parasitología Agrícola) -- UACH. Departamento de Parasitología Agrícola.
590 _aALEPH
_b10
_c20130110
_lUCH01
_h1440
590 _aBATCH-UPD
_b10
_c20130110
_lUCH01
_h0418
590 _aBATCH-UPD
_b10
_c20130110
_lUCH01
_h2137
590 _aBATCH-UPD
_b10
_c20130410
_lUCH01
_h0052
590 _aBATCH-UPD
_b10
_c20130914
_lUCH01
_h0955
590 _aCONVERSION
_b10
_c20130109
_lUCH01
_h1346
650 1 4 _aAmarillamiento letal del coco.
_95153
650 1 4 _aCoco
_xCampeche.
_924238
650 1 4 _aCoco
_xEnfermedades.
_924241
650 1 4 _aCoco
_xYucatán.
_924275
901 _aBK
905 _aEdna Luz
942 _cFOLL
949 _bBC
_cTES
_d33724000808226
_eTS2
_fc.2
_h37764
_i94715
_si
949 _bBC
_cTES
_d947151
_eTS1
_h37763
_i94715
_sb
999 _c83224
_d83224